La Federación y la unidad en Italia / (Record no. 162640)

MARC details
000 -LEADER
campo de control de longitud fija 00832nam a22002175i 4500
001 - NÚMERO DE CONTROL
campo de control 162640
003 - IDENTIFICADOR DE NÚMERO DE CONTROL
campo de control ES-MaACL
005 - FECHA Y HORA DE LA ÚLTIMA TRANSACCIÓN
campo de control 20250927140103.0
008 - DATOS DE LONGITUD FIJA--INFORMACIÓN GENERAL
campo de control de longitud fija 951113s1870 sp |||| | spa d
040 ## - FUENTE DE CATALOGACIÓN
Centro catalogador/agencia de origen CLM
Lengua de catalogación spa
Centro/agencia transcriptor CCPB | SIC
100 0# - ENTRADA PRINCIPAL--NOMBRE DE PERSONA
Nombre de persona Proudhon, Pierre-Joseph.
9 (RLIN) 94052
245 10 - MENCIÓN DEL TÍTULO
Título La Federación y la unidad en Italia /
Mención de responsabilidad, etc. por P.J. Proudhon ; traducido por Alfredo Alvarez ; con un prólogo y notas críticas de J. Sánchez Ruano.
260 ## - PUBLICACIÓN, DISTRIBUCIÓN, ETC.
Lugar de publicación, distribución, etc. Madrid :
Nombre del editor, distribuidor, etc. [s.n.],
Fecha de publicación, distribución, etc. 1870 (
Fabricante Imprenta de El Pueblo)
300 ## - DESCRIPCIÓN FÍSICA
Extensión 246 p. ;
Dimensiones 18 cm.
650 04 - PUNTO DE ACCESO ADICIONAL DE MATERIA--TÉRMINO DE MATERIA
Término de materia o nombre geográfico como elemento de entrada Federalismo
9 (RLIN) 12738
651 #4 - PUNTO DE ACCESO ADICIONAL DE MATERIA--NOMBRE GEOGRÁFICO
Nombre geográfico Italia-
Subdivisión general Historia-
Subdivisión cronológica 1849-1870.
9 (RLIN) 8869
700 1# - ENTRADA AGREGADA--NOMBRE PERSONAL
Nombre de persona Alvarez, Alfredo.
9 (RLIN) 125639
700 1# - ENTRADA AGREGADA--NOMBRE PERSONAL
Nombre de persona Sánchez Ruano, Julián,
Fechas asociadas al nombre 1842-1871
9 (RLIN) 133015
852 ## - LOCALIZACIÓN
Ubicación ES-MaACL
Número de control de estantería D-3155
Nota libre -- Enc. hol.
Encuadernación -- Edic.: 248 p.
Holdings
Estatus retirado Estado de pérdida Estado de daño No para préstamo Colección Biblioteca de origen Biblioteca actual Ubicación en estantería Fecha de adquisición Fuente de adquisición Total de préstamos Signatura topográfica completa Código de barras Visto por última vez Precio de reemplazo Tipo de ítem Koha
        Libros del s. XIX Biblioteca del Ateneo de Madrid Biblioteca del Ateneo de Madrid Sala Valle Inclán 17/01/2008     D-3155 901170389 23/02/2023 23/02/2023 Libro impreso antiguo